Conférence pour la Reduction et la Limitation des Armements (Record no. 46189)

MARC details
000 -LEADER
campo de control de longitud fija 00764nam a2200193 i 4500
001 - NÚMERO DE CONTROL
campo de control 46189
003 - IDENTIFICADOR DE NÚMERO DE CONTROL
campo de control ES-MaACL
005 - FECHA Y HORA DE LA ÚLTIMA TRANSACCIÓN
campo de control 20230906161336.0
007 - CAMPO FIJO DE DESCRIPCIÓN FÍSICA--INFORMACIÓN GENERAL
campo de control de longitud fija t|
008 - DATOS DE LONGITUD FIJA--INFORMACIÓN GENERAL
campo de control de longitud fija 030328s1932 sz ||||1| fre d
111 2# - ENTRADA PRINCIPAL--NOMBRE DE CONGRESO/REUNIÓN
Nombre de congreso/reunión o jurisdicción como elemento de entrada Conférence pour la Reduction et la Limitation des Armements.
9 (RLIN) 187
245 10 - MENCIÓN DEL TÍTULO
Título Conférence pour la Reduction et la Limitation des Armements
Resto del título : armes chimiques, incendiaires et bacteriens /
Mención de responsabilidad, etc. Comité special ; reponse au questionnaire soumis par le Bureau au Comité special.
260 ## - PUBLICACIÓN, DISTRIBUCIÓN, ETC.
Lugar de publicación, distribución, etc. Genève :
Nombre del editor, distribuidor, etc. [s.n.,
Fecha de publicación, distribución, etc. 1932] (
Fabricante Imp. du Journal "Genève")
300 ## - DESCRIPCIÓN FÍSICA
Extensión 25 p. ;
Dimensiones 33 cm.
500 ## - NOTA GENERAL
Nota general Precede al tít.: Société des Nations.
710 2# - ENTRADA AGREGADA--NOMBRE DE ENTIDAD CORPORATIVA
Nombre de entidad corporativa o nombre de jurisdicción como elemento de entrada Sociedad de Naciones.
9 (RLIN) 6682
852 ## - LOCALIZACIÓN
Ubicación ES-MaACL
Número de control de estantería 1766-F-1
852 ## - LOCALIZACIÓN
Ubicación ES-MaACL
Número de control de estantería 1766-F-2
Holdings
Estatus retirado Estado de pérdida Estado de daño No para préstamo Colección Biblioteca de origen Biblioteca actual Ubicación en estantería Fecha de adquisición Fuente de adquisición Total de préstamos Signatura topográfica completa Código de barras Visto por última vez Precio de reemplazo Tipo de ítem Koha
        Colección de folletos Biblioteca del Ateneo de Madrid Biblioteca del Ateneo de Madrid Depósito folletos 17/01/2008     1766-F-2 1048586 23/02/2023 23/02/2023 Folleto
        Colección de folletos Biblioteca del Ateneo de Madrid Biblioteca del Ateneo de Madrid Depósito folletos 17/01/2008     1766-F-1 1048585 23/02/2023 23/02/2023 Folleto